Normal view
MARC view
Entry Personal Name
001 - CONTROL NUMBER
- control field: 38261
003 - CONTROL NUMBER IDENTIFIER
- control field: OSt
005 - DATE AND TIME OF LATEST TRANSACTION
- control field: 20230515150954.0
008 - FIXED-LENGTH DATA ELEMENTS
- fixed length control field: 230515|| aca||aabn | a|a d
040 ## - CATALOGING SOURCE
- Original cataloging agency: OSt
- Transcribing agency: OSt
100 ## - HEADING--PERSONAL NAME
- Personal name: Narayanamoorthy, A. and Sujitha, K. S.
670 ## - SOURCE DATA FOUND
- Source citation: Work cat.: (OSt)521999: Narayanamoorthy, A. and Sujitha, K. S., Are the farmer households becoming agricultural labour households in India: An analysis of state-wise SAS data
